Critical Analysis Of Organizations: Theory, Practice, Revitalization (Record no. 95129)

MARC details
000 -LEADER
fixed length control field 00533nam a2200205Ia 4500
008 - FIXED-LENGTH DATA ELEMENTS--GENERAL INFORMATION
fixed length control field 230125s9999 xx 000 0 und d
020 ## - INTERNATIONAL STANDARD BOOK NUMBER
International Standard Book Number 9780761959069
041 ## - LANGUAGE CODE
Language code of text/sound track or separate title eng
082 ## - DEWEY DECIMAL CLASSIFICATION NUMBER
Classification number 658
Item number CAS
100 ## - MAIN ENTRY--PERSONAL NAME
Personal name Casey C
9 (RLIN) 117354
245 ## - TITLE STATEMENT
Title Critical Analysis Of Organizations: Theory, Practice, Revitalization
260 ## - PUBLICATION, DISTRIBUTION, ETC. (IMPRINT)
Date of publication, distribution, etc. 2002
Name of publisher, distributor, etc. Sage publication
Place of publication, distribution, etc. Delhi
300 ## - PHYSICAL DESCRIPTION
Extent 218p
440 ## - SERIES STATEMENT/ADDED ENTRY--TITLE
Volume/sequential designation 1
500 ## - GENERAL NOTE
Keywords General Management;
650 ## - SUBJECT ADDED ENTRY--TOPICAL TERM
Topical term or geographic name as entry element Management
700 ## - ADDED ENTRY--PERSONAL NAME
Personal name Casey C
9 (RLIN) 117354
906 ## - LOCAL DATA ELEMENT F, LDF (RLIN)
b 29
Holdings
Withdrawn status Lost status Damaged status Not for loan Home library Current library Date acquired Vendor Cost, normal purchase price Bill number Full call number Barcode Date last seen Cost, replacement price Bill Date Koha item type Original Barcode
      Reference Smt. Hiraben Nanavati Institute of Management & Research for Women Smt. Hiraben Nanavati Institute of Management & Research for Women 19/03/2018 Pritam Book Centre 3541.00 10578 658 CAS B16850 HIMR-BK-16850 25/01/2023 3512.00 16/03/2018 Books B16850